Welcome to the Holygrace Academy Library

Please use search bar below to get started

THE COMPOUND EFFECT (Record no. 9175)

MARC details
000 -LEADER
fixed length control field 00315nam a22001337a 4500
082 ## - DEWEY DECIMAL CLASSIFICATION NUMBER
Classification number 158
Item number HAR/C
100 ## - MAIN ENTRY--AUTHOR NAME
Personal name HARDY, DARREN
245 ## - TITLE STATEMENT
Title THE COMPOUND EFFECT
246 ## - VARYING FORM OF TITLE
Title proper/short title THE COMPOUND EFFECT
Remainder of title THE COMPOUND EFFECT
260 ## - PUBLICATION, DISTRIBUTION, ETC. (IMPRINT)
Place of publication TEXAS
Name of publisher COMPOUND
Year of publication 02/12/2025
300 ## - PHYSICAL DESCRIPTION
Number of Pages 158
650 ## - SUBJECT ADDED ENTRY--TOPICAL TERM
Topical Term MOTIVATIONAL
942 ## - ADDED ENTRY ELEMENTS (KOHA)
Koha item type Books
Holdings
Withdrawn status Lost status Collection code Home library Current library Date acquired Source of acquisition Cost, normal purchase price Full call number Accession Number Koha item type
    SELF STUDY , MOTIVATIONAL Main Library Main Library 02/12/2025 PURCHASED 399.00 158 HAR/C 13886 Books